VO (Versió original) : artistes de Granollers... : Jordi Benito, Josep Franco, Jaume Guardis, Joan March, Josep Uclés, Vicenç Viaplana artistes de Granollers... :
Publicado:
[Barcelona] :
Generalitat de Catalunya. Departament de Cultura. Servei d'Arts Plàstiques, dl 1983
Descripción Física:
[24] p. : il., negre i col. ; 29 cm
Otros Autores:
Benito, Jordi
,
Franco, Josep
,
Guardis, Jaume
,
March, Joan
,
Uclés, Josep
,
Viaplana, Vicenç V. Catalunya. Servei d'Arts Plàstiques
MARC
| LEADER | 00000nam a2200000Ia 4500 | ||
|---|---|---|---|
| 001 | 1333 | ||
| 008 | 160829s9999 xx 000 0 cat d | ||
| 080 | |a FU-17-14 | ||
| 245 | |a VO (Versió original) : |b artistes de Granollers... : |b Jordi Benito, Josep Franco, Jaume Guardis, Joan March, Josep Uclés, Vicenç Viaplana | ||
| 260 | |a [Barcelona] : |b Generalitat de Catalunya. Departament de Cultura. Servei d'Arts Plàstiques, dl 1983 | ||
| 300 | |a [24] p. : |b il., negre i col. ; |c 29 cm | ||
| 650 | |a Art català |x S. XX |x Exposicions |9 35501 | ||
| 650 | |a Pintura catalana |x Exposicions |9 43185 | ||
| 700 | |a Benito, Jordi |9 33121 | ||
| 700 | |a Franco, Josep |9 33122 | ||
| 700 | 1 | |a Guardis, Jaume |9 33123 | |
| 700 | |a March, Joan |9 33124 | ||
| 700 | |a Uclés, Josep |9 33125 | ||
| 700 | |a Viaplana, Vicenç V. Catalunya. Servei d'Arts Plàstiques |9 33126 | ||
| 901 | |a Arxiu | ||
| 942 | |n 1 | ||
| 952 | |0 0 |1 0 |4 0 |6 FU1714 |7 1 |9 46207 |a Arxiu |b Arxiu |d 2016-12-01 |l 0 |o FU-17-14 |p 1333 |r 2016-12-01 00:00:00 |w 2016-12-01 |y ARXIU | ||
| 999 | |c 49709 |d 49709 | ||